| 000 | 00475nam a22001697a 4500 | ||
|---|---|---|---|
| 999 |
_c524470 _d524470 |
||
| 003 | NUST | ||
| 038 | _awaseem | ||
| 082 |
_a573.86 _bAHM |
||
| 100 |
_aAhmed, Rana Saeed _915287 |
||
| 245 |
_aAqal / _cRana Saeed Ahmed _b(Kainat ka Ajooba) |
||
| 260 |
_aLahore : _bRana Saeed Ahmed, _c2010. |
||
| 300 | _a240 p. ; | ||
| 500 | _aHardCover | ||
| 880 |
_6100-01\r _aرانا سعید احمد |
||
| 880 |
_6245-02\r _aعقل، کا ٰٰینات کا عجوبی |
||
| 942 |
_2ddc _cBK |
||